| 000 | 01851nam a2200361 i 4500 | ||
|---|---|---|---|
| 001 | 193983 | ||
| 003 | SpMaBN | ||
| 005 | 20250804062657.0 | ||
| 008 | 231222s2015 sp | |||| 000 f spa | ||
| 015 | _aMON15 | ||
| 017 |
_aM 8687-2015 _bOficina Depósito Legal Madrid |
||
| 020 | _a9788495157812 | ||
| 035 | _a(OCoLC)908325180 | ||
| 040 |
_aSpMaBN _bspa _cSpMaBN _erdc |
||
| 080 | _a821.134.2-31"19" | ||
| 100 |
_aFuentes, Isabel, _d1971- _0XX5487135 _9235535 _eaut |
||
| 245 | 1 | 3 |
_aUn gen fuera de la ley / _cIsabel Fuentes |
| 260 |
_aMadrid : _bTurpial, _cD.L. 2015 |
||
| 300 |
_a275 p. ; _c21 cm |
||
| 336 |
_aTexto (visual) _2isbdcontent |
||
| 337 |
_asin mediación _2isbdmedia |
||
| 338 |
_2rdacarrier _avolumen |
||
| 490 | 0 | _aÓpera prima | |
| 520 | _aSe trata de la primera novela de la autora, Isabel Fuentes. Es una novela inclasificable, ya que es policíaca, social, feminista, cómica: tiene una mezcla asombrosa y te engancha desde el primer momento. Pensamos que va a ser un gran producto editorial, las lecturas que hemos realizado entre diversos tipos de lectores nos han hecho tener grandes esperanzas en este título. Hay que hacer que lo lea gente que pueda influir, prescriptores que lo recomienden, es un libro de muy fácil lectura y que te lleva a la risa en varias ocasiones. | ||
| 655 | 0 |
_aNovelas _9234319 |
|
| 852 |
_aES-MaACL _bR.154946 _cDEPOJ _jN-9775 _xEncuadernación rústica con solapas _gDedicatoria autógrafa de la autora _hDonación: Isabel Fuentes _9205491 |
||
| 903 |
_9235535 _aFuentes, Isabel, _d1971- _ednr |
||
| 942 |
_cMONOGRAFIA _n0 |
||
| 999 |
_c193983 _d193983 |
||